Les cubes de 1 à 20 - Statistiques

Statistiques générales
  • Ce quiz a été pris 139 fois
  • Le résultat moyen est 8 sur 20
Statistiques - réponses
Hint Réponse % Correct
1 1
100%
2 8
85%
3 27
72%
4 64
66%
5 125
62%
6 216
50%
10 1000
49%
7 343
46%
8 512
43%
9 729
40%
11 1331
29%
20 8000
28%
12 1728
24%
15 3375
15%
13 2197
13%
16 4096
13%
18 5832
12%
14 2744
10%
19 6859
10%
17 4913
9%
Aucun quiz correspondant
Distribution des résultats
% des personnes avec chaque résultat
Percentile par nombre de réponses
Votre historique - résultats
Vous n’avez pas pris ce quiz